<?xml version="1.0" encoding="UTF-8"?>
<record
    xmlns:xsi="http://www.w3.org/2001/XMLSchema-instance"
    xsi:schemaLocation="http://www.loc.gov/MARC21/slim http://www.loc.gov/standards/marcxml/schema/MARC21slim.xsd"
    xmlns="http://www.loc.gov/MARC21/slim">

  <leader>03557cam a22003735a 4500</leader>
  <controlfield tag="001">18393113</controlfield>
  <controlfield tag="005">20161019103820.0</controlfield>
  <controlfield tag="008">141201s2015    enka   frb    001 0 eng d</controlfield>
  <datafield tag="010" ind1=" " ind2=" ">
    <subfield code="a">  2014046642</subfield>
  </datafield>
  <datafield tag="020" ind1=" " ind2=" ">
    <subfield code="a">9781118935828 </subfield>
  </datafield>
  <datafield tag="020" ind1=" " ind2=" ">
    <subfield code="a">1118935829</subfield>
  </datafield>
  <datafield tag="035" ind1=" " ind2=" ">
    <subfield code="a">(DNLM)101647450</subfield>
  </datafield>
  <datafield tag="040" ind1=" " ind2=" ">
    <subfield code="a">DNLM/DLC</subfield>
    <subfield code="b">eng</subfield>
    <subfield code="c">DLC</subfield>
    <subfield code="d">EG-ScBUE </subfield>
  </datafield>
  <datafield tag="042" ind1=" " ind2=" ">
    <subfield code="a">pcc</subfield>
  </datafield>
  <datafield tag="082" ind1="0" ind2="4">
    <subfield code="2">22</subfield>
    <subfield code="a">617.67</subfield>
    <subfield code="b">DEN</subfield>
  </datafield>
  <datafield tag="245" ind1="1" ind2="0">
    <subfield code="a">Dental caries :</subfield>
    <subfield code="b">the disease and its clinical management /</subfield>
    <subfield code="c">edited by Ole Fejerskov, Bente Nyvad, Edwina Kidd.</subfield>
  </datafield>
  <datafield tag="250" ind1=" " ind2=" ">
    <subfield code="a">3rd ed.</subfield>
  </datafield>
  <datafield tag="260" ind1=" " ind2=" ">
    <subfield code="a">Chichester, West Sussex, UK :</subfield>
    <subfield code="b">John Wiley &amp; Sons Ltd, </subfield>
    <subfield code="c">2015.</subfield>
  </datafield>
  <datafield tag="263" ind1=" " ind2=" ">
    <subfield code="a">1508</subfield>
  </datafield>
  <datafield tag="300" ind1=" " ind2=" ">
    <subfield code="a">p. ;</subfield>
    <subfield code="c">cm.</subfield>
  </datafield>
  <datafield tag="500" ind1=" " ind2=" ">
    <subfield code="a">Index : p. 453-466.</subfield>
  </datafield>
  <datafield tag="504" ind1=" " ind2=" ">
    <subfield code="a">Includes bibliographical references.</subfield>
  </datafield>
  <datafield tag="505" ind1="0" ind2=" ">
    <subfield code="a">pt. 1. Dental caries : what is it?  and how widespread is it globally?: Prololgue / O. Fejerskov, B. Nyvad &amp; E. A. M. Kidd -- Dental caries: what is it / O. Fejerskov, B. Nyvad &amp; E. A. M. Kidd -- Clinical features of caries lesions / O. Fejerskov &amp; B. Nyvad -- How big is the problem : epidemiological features of dental caries / V. Baelum &amp; O. Fejerskov -- pt. 2. The caries lesion and its biological determinants: Pathology of dental caries / O. Fejerskov -- Saliva and caries development / A. Bardow &amp; A. Vissink -- Biofilms in caries development / P. Marsh, N.Takahashi &amp; B. Nyvad -- Diet and dental caries / C. van Loveren &amp; P. Lingstrom -- Demineralization and remineralization : the key to understand clinical manifestations of dental caries / O. Fejerskov &amp; M. Joost Larsen -- pt. 3. Diagnosis: The foundations of good diagnostic practice / V.Baelum, B. Nyvad, H.-G. Grondahl &amp; O.Fejerskov -- Visual/tactile caries diagnosis / B. Nyvad, V. Machiulskiene, V. Soviero &amp; V Baelum -- Additional caries detection methods / H. Hintze, A. Lussi, F. Cuisinier &amp; B. Nyvad -- pt. 4. Controlling dental caries: The caries control concept / B. Nyvad &amp; O. Fejerskov -- Fluorides in caries control / O. Fejerskov, J. A. Cury, L. M. Tenuta &amp; V.C. Marinho -- The role of oral hygiene / B. Nyvad -- Are antibacterials necessary in caries prophylaxis? / A.A. Sheie , H.V. Rukke &amp; F.C. Petersen -- The principles of caries control for the individual patient / B. Nyvad &amp; E.A.M. Kidd -- Caries control for frail elders / M. I. MacEntee, S. R. Bryant, H. Keller, C. Nguyen &amp; C. S. Yao -- pt. 5. Operative intervention: Classical restorative or the minimally invasive concept / E.A.M. Kidd, J. Frencken, C. Splieth, N. Opdam &amp; B. Nyvad -- Caries 'removal' and the pulpo-dentinal complex / E.A.M. Kidd, L. Bjurndal &amp; O. Fejerskov -- Longevity of restoration: the death spiral / V. Qvist -- Caries prevention and control in low- and midddle - income countries / W. van Palenstein Helderman, H. Benzian, B. Monse &amp; C. Holmgren -- How accurately can we assess the risk for developing caries lesions? / H. Hausen and V. Baelum -- Caries control in low- caries populations  / H. Hausen, M. Jussing &amp; O. Fejerskov -- Controlling the global burden of dental caries : the evidence calls for a reorganization of the oral health care system / O. Fejerskov, V. Baelum, B. Nyvad &amp; E.A.M. Kidd.</subfield>
  </datafield>
  <datafield tag="590" ind1=" " ind2=" ">
    <subfield code="a">Wessam</subfield>
  </datafield>
  <datafield tag="650" ind1=" " ind2="7">
    <subfield code="a">Dental Caries</subfield>
    <subfield code="x">diagnosis.</subfield>
    <subfield code="2">BUEsh</subfield>
    <subfield code="9">41581</subfield>
  </datafield>
  <datafield tag="650" ind1=" " ind2="7">
    <subfield code="a">Dental Caries  </subfield>
    <subfield code="x">therapy.</subfield>
    <subfield code="2">BUEsh</subfield>
    <subfield code="9">41582</subfield>
  </datafield>
  <datafield tag="650" ind1=" " ind2="7">
    <subfield code="a">Dental Restoration, Permanent.</subfield>
    <subfield code="2">BUEsh</subfield>
    <subfield code="9">32089</subfield>
  </datafield>
  <datafield tag="651" ind1=" " ind2=" ">
    <subfield code="2">BUEsh</subfield>
  </datafield>
  <datafield tag="653" ind1=" " ind2=" ">
    <subfield code="b">DDent</subfield>
    <subfield code="c">October2016</subfield>
  </datafield>
  <datafield tag="700" ind1="1" ind2=" ">
    <subfield code="a">Fejerskov, Ole&#x200F; </subfield>
    <subfield code="e">editor.</subfield>
    <subfield code="9">41578</subfield>
  </datafield>
  <datafield tag="700" ind1="1" ind2=" ">
    <subfield code="a">Nyvad, Bente&#x200F; </subfield>
    <subfield code="e">editor.</subfield>
    <subfield code="9">41579</subfield>
  </datafield>
  <datafield tag="700" ind1="1" ind2=" ">
    <subfield code="a">Kidd, Edwina A. M.,</subfield>
    <subfield code="e">editor.</subfield>
  </datafield>
  <datafield tag="942" ind1=" " ind2=" ">
    <subfield code="2">ddc</subfield>
    <subfield code="e">22</subfield>
    <subfield code="k">617.67 DEN</subfield>
  </datafield>
  <datafield tag="999" ind1=" " ind2=" ">
    <subfield code="c">22704</subfield>
    <subfield code="d">22676</subfield>
  </datafield>
  <datafield tag="952" ind1=" " ind2=" ">
    <subfield code="0">0</subfield>
    <subfield code="1">0</subfield>
    <subfield code="2">ddc</subfield>
    <subfield code="4">0</subfield>
    <subfield code="7">0</subfield>
    <subfield code="8">Academic</subfield>
    <subfield code="a">MAIN</subfield>
    <subfield code="b">MAIN</subfield>
    <subfield code="c">1ST</subfield>
    <subfield code="d">2016-10-19</subfield>
    <subfield code="e">Purchase</subfield>
    <subfield code="g">1150.00</subfield>
    <subfield code="h">9126</subfield>
    <subfield code="l">3</subfield>
    <subfield code="o">617.67 DEN</subfield>
    <subfield code="p">000033943</subfield>
    <subfield code="r">2025-07-15 00:00:00</subfield>
    <subfield code="s">2019-11-24</subfield>
    <subfield code="v">1437.50</subfield>
    <subfield code="y">BB</subfield>
  </datafield>
</record>
